Fancy Nancy, poison ivy expert / (Record no. 4279)

MARC details
000 -LEADER
fixed length control field 01265cam a2200349 a 4500
001 - CONTROL NUMBER
control field 4279
003 - CONTROL NUMBER IDENTIFIER
control field FISKH
005 - DATE AND TIME OF LATEST TRANSACTION
control field 20240711132336.0
008 - FIXED-LENGTH DATA ELEMENTS--GENERAL INFORMATION
fixed length control field 080507s2009 nyua b 000 1 eng
010 ## - LIBRARY OF CONGRESS CONTROL NUMBER
LC control number 2008013859
020 ## - INTERNATIONAL STANDARD BOOK NUMBER
International Standard Book Number 9780061236143 (trade bdg.)
020 ## - INTERNATIONAL STANDARD BOOK NUMBER
International Standard Book Number 9780061236136 (pbk.)
040 ## - CATALOGING SOURCE
Original cataloging agency DLC
Transcribing agency DLC
Modifying agency DLC
Language of cataloging eng
050 ## - LIBRARY OF CONGRESS CALL NUMBER
Classification number PZ7.O222
082 ## - DEWEY DECIMAL CLASSIFICATION NUMBER
Classification number 813.54
100 1# - MAIN ENTRY--PERSONAL NAME
Personal name O'Connor, Jane.
245 10 - TITLE STATEMENT
Title Fancy Nancy, poison ivy expert /
Statement of responsibility, etc. by Jane O'Connor ; cover illustration by Robin Preiss Glasser ; interior illustrations by Ted Enik.
260 ## - PUBLICATION, DISTRIBUTION, ETC.
Place of publication, distribution, etc. New York :
Name of publisher, distributor, etc. HarperCollins,
Date of publication, distribution, etc. 2009.
300 ## - PHYSICAL DESCRIPTION
Extent 32 pages :
Other physical details color illustrations ;
Dimensions 23 cm
490 0# - SERIES STATEMENT
Series statement I can read! Beginning reading 1
505 ## - FORMATTED CONTENTS NOTE
Formatted contents note J<br/>
520 ## - SUMMARY, ETC.
Summary, etc. A young girl who uses fancy words and considers herself practically a poison ivy expert learns a valuable (and itchy) lesson about the plant after picking a bouquet of wildflowers.
521 ## - TARGET AUDIENCE NOTE
Target audience note 470<br/>
Source Lexile<br/>
521 ## - TARGET AUDIENCE NOTE
Target audience note J<br/>
Source Raz-Plus<br/>
650 #1 - SUBJECT ADDED ENTRY--TOPICAL TERM
Topical term or geographic name entry element Poison ivy
Form subdivision Fiction.
650 #1 - SUBJECT ADDED ENTRY--TOPICAL TERM
Topical term or geographic name entry element Vocabulary
Form subdivision Fiction.
700 1# - ADDED ENTRY--PERSONAL NAME
Personal name Preiss-Glasser, Robin.
Relator term Cover illustrator
700 1# - ADDED ENTRY--PERSONAL NAME
Personal name Enik, Ted,
Relator term illustrator
906 ## - LOCAL DATA ELEMENT F, LDF (RLIN)
a 7
b cbc
c orignew
d 1
e ecip
f 20
g y-gencatlg
942 ## - ADDED ENTRY ELEMENTS (KOHA)
Source of classification or shelving scheme Dewey Decimal Classification
Koha item type Books
Suppress in OPAC No
Holdings
Withdrawn status Lost status Source of classification or shelving scheme Damaged status Not for loan Collection Home library Current library Shelving location Date acquired Total Checkouts Full call number Barcode Date last seen Date last checked out Price effective from Koha item type
    Dewey Decimal Classification     Juvenile Fiction Footprints International School Library Network Toul Kork Campus Footprints International School Library Network Toul Kork Campus TK Primary Library Room(4th Floor), Bookcase 1&2, Shelves 1-16, Dark Blue Books 07/11/2024 1 O'CO 813.54 PZ7.O222 FISTK01214 02/27/2025 08/08/2024 07/11/2024 Books